000 00343 a2200145 4500
001 92075
082 _a297.122092 SAJ
090 _c44035
_d44034
100 _aSajida Batool
245 _aKhwateen Ka Dars e Quran
250 _a1
260 _aFaisalabab
_bChishti Kutab Khana
_c2007
300 _a568p.
_bHb
500 _aGeneral Book
942 _aCAE NUST
_k297.122092 SAJ
999 _c327148
_d327148